<?xml version="1.0" encoding="UTF-8"?>
<record
    xmlns:xsi="http://www.w3.org/2001/XMLSchema-instance"
    xsi:schemaLocation="http://www.loc.gov/MARC21/slim http://www.loc.gov/standards/marcxml/schema/MARC21slim.xsd"
    xmlns="http://www.loc.gov/MARC21/slim">

  <leader>00220nam a2200085Ia 4500</leader>
  <controlfield tag="008">170617s9999    xx            000 0 und d</controlfield>
  <datafield tag="100" ind1=" " ind2=" ">
    <subfield code="a">JAYSURIYA-D.C.</subfield>
  </datafield>
  <datafield tag="245" ind1=" " ind2="0">
    <subfield code="a">REGULATION OF PHARMACEUTICALS IN DEVLOPING</subfield>
  </datafield>
  <datafield tag="260" ind1=" " ind2=" ">
    <subfield code="b">NEW DELHI-CBS</subfield>
  </datafield>
  <datafield tag="260" ind1=" " ind2=" ">
    <subfield code="c">1991</subfield>
  </datafield>
  <datafield tag="999" ind1=" " ind2=" ">
    <subfield code="c">15531</subfield>
    <subfield code="d">15531</subfield>
  </datafield>
  <datafield tag="952" ind1=" " ind2=" ">
    <subfield code="0">0</subfield>
    <subfield code="1">0</subfield>
    <subfield code="2">ddc</subfield>
    <subfield code="4">0</subfield>
    <subfield code="7">0</subfield>
    <subfield code="a">02</subfield>
    <subfield code="b">02</subfield>
    <subfield code="d">2017-06-23</subfield>
    <subfield code="e">3</subfield>
    <subfield code="g">140.00</subfield>
    <subfield code="p">02-B-7077</subfield>
    <subfield code="r">2017-06-23</subfield>
    <subfield code="w">2017-06-23</subfield>
    <subfield code="y">06</subfield>
  </datafield>
  <datafield tag="952" ind1=" " ind2=" ">
    <subfield code="0">0</subfield>
    <subfield code="1">0</subfield>
    <subfield code="2">ddc</subfield>
    <subfield code="4">0</subfield>
    <subfield code="7">0</subfield>
    <subfield code="a">02</subfield>
    <subfield code="b">02</subfield>
    <subfield code="d">2017-06-23</subfield>
    <subfield code="e">3</subfield>
    <subfield code="g">140.00</subfield>
    <subfield code="l">0</subfield>
    <subfield code="p">02-B-7078</subfield>
    <subfield code="r">2017-06-23</subfield>
    <subfield code="w">2017-06-23</subfield>
    <subfield code="y">01</subfield>
  </datafield>
  <datafield tag="952" ind1=" " ind2=" ">
    <subfield code="0">0</subfield>
    <subfield code="1">0</subfield>
    <subfield code="2">ddc</subfield>
    <subfield code="4">0</subfield>
    <subfield code="7">0</subfield>
    <subfield code="a">02</subfield>
    <subfield code="b">02</subfield>
    <subfield code="d">2017-06-23</subfield>
    <subfield code="e">3</subfield>
    <subfield code="g">140.00</subfield>
    <subfield code="l">0</subfield>
    <subfield code="p">02-B-7079</subfield>
    <subfield code="r">2017-06-23</subfield>
    <subfield code="w">2017-06-23</subfield>
    <subfield code="y">01</subfield>
  </datafield>
  <datafield tag="952" ind1=" " ind2=" ">
    <subfield code="0">0</subfield>
    <subfield code="1">0</subfield>
    <subfield code="2">ddc</subfield>
    <subfield code="4">0</subfield>
    <subfield code="7">0</subfield>
    <subfield code="a">02</subfield>
    <subfield code="b">02</subfield>
    <subfield code="d">2017-06-23</subfield>
    <subfield code="e">3</subfield>
    <subfield code="g">140.00</subfield>
    <subfield code="l">0</subfield>
    <subfield code="p">02-B-7080</subfield>
    <subfield code="r">2017-06-23</subfield>
    <subfield code="w">2017-06-23</subfield>
    <subfield code="y">01</subfield>
  </datafield>
  <datafield tag="952" ind1=" " ind2=" ">
    <subfield code="0">0</subfield>
    <subfield code="1">0</subfield>
    <subfield code="2">ddc</subfield>
    <subfield code="4">0</subfield>
    <subfield code="7">0</subfield>
    <subfield code="a">02</subfield>
    <subfield code="b">02</subfield>
    <subfield code="d">2017-06-23</subfield>
    <subfield code="e">3</subfield>
    <subfield code="g">140.00</subfield>
    <subfield code="l">0</subfield>
    <subfield code="p">02-B-7081</subfield>
    <subfield code="r">2017-06-23</subfield>
    <subfield code="w">2017-06-23</subfield>
    <subfield code="y">01</subfield>
  </datafield>
  <datafield tag="952" ind1=" " ind2=" ">
    <subfield code="0">0</subfield>
    <subfield code="1">0</subfield>
    <subfield code="2">ddc</subfield>
    <subfield code="4">0</subfield>
    <subfield code="7">0</subfield>
    <subfield code="a">02</subfield>
    <subfield code="b">02</subfield>
    <subfield code="d">2017-06-23</subfield>
    <subfield code="e">3</subfield>
    <subfield code="g">140.00</subfield>
    <subfield code="l">0</subfield>
    <subfield code="p">02-B-7082</subfield>
    <subfield code="r">2017-06-23</subfield>
    <subfield code="w">2017-06-23</subfield>
    <subfield code="y">01</subfield>
  </datafield>
  <datafield tag="952" ind1=" " ind2=" ">
    <subfield code="0">0</subfield>
    <subfield code="1">0</subfield>
    <subfield code="2">ddc</subfield>
    <subfield code="4">0</subfield>
    <subfield code="7">0</subfield>
    <subfield code="a">02</subfield>
    <subfield code="b">02</subfield>
    <subfield code="d">2017-06-23</subfield>
    <subfield code="e">3</subfield>
    <subfield code="g">140.00</subfield>
    <subfield code="l">0</subfield>
    <subfield code="p">02-B-7083</subfield>
    <subfield code="r">2017-06-23</subfield>
    <subfield code="w">2017-06-23</subfield>
    <subfield code="y">01</subfield>
  </datafield>
  <datafield tag="952" ind1=" " ind2=" ">
    <subfield code="0">0</subfield>
    <subfield code="1">0</subfield>
    <subfield code="2">ddc</subfield>
    <subfield code="4">0</subfield>
    <subfield code="7">0</subfield>
    <subfield code="a">02</subfield>
    <subfield code="b">02</subfield>
    <subfield code="d">2017-06-23</subfield>
    <subfield code="e">3</subfield>
    <subfield code="g">140.00</subfield>
    <subfield code="l">0</subfield>
    <subfield code="p">02-B-7084</subfield>
    <subfield code="r">2017-06-23</subfield>
    <subfield code="w">2017-06-23</subfield>
    <subfield code="y">01</subfield>
  </datafield>
  <datafield tag="952" ind1=" " ind2=" ">
    <subfield code="0">0</subfield>
    <subfield code="1">0</subfield>
    <subfield code="2">ddc</subfield>
    <subfield code="4">0</subfield>
    <subfield code="7">0</subfield>
    <subfield code="a">02</subfield>
    <subfield code="b">02</subfield>
    <subfield code="d">2017-06-23</subfield>
    <subfield code="e">3</subfield>
    <subfield code="g">140.00</subfield>
    <subfield code="l">0</subfield>
    <subfield code="p">02-B-7085</subfield>
    <subfield code="r">2017-06-23</subfield>
    <subfield code="w">2017-06-23</subfield>
    <subfield code="y">01</subfield>
  </datafield>
  <datafield tag="952" ind1=" " ind2=" ">
    <subfield code="0">0</subfield>
    <subfield code="1">0</subfield>
    <subfield code="2">ddc</subfield>
    <subfield code="4">0</subfield>
    <subfield code="7">0</subfield>
    <subfield code="a">02</subfield>
    <subfield code="b">02</subfield>
    <subfield code="d">2017-06-23</subfield>
    <subfield code="e">3</subfield>
    <subfield code="g">140.00</subfield>
    <subfield code="l">0</subfield>
    <subfield code="p">02-B-7086</subfield>
    <subfield code="r">2017-06-23</subfield>
    <subfield code="w">2017-06-23</subfield>
    <subfield code="y">01</subfield>
  </datafield>
</record>
